000 00551nam a2200229Ia 4500
003 OSt
005 20220912153021.0
006 a|||||r|||| 00| 0
007 ta
008 220909b |||||||| |||| 00| 0 eng d
024 _a25686
037 _cTextual
040 _aCSL
_beng
_cCSL
041 _aeng
082 _aB9, K71
100 _aRuncorn S.K Ed.
245 0 _aMantels of the earth and terrestrial planets
260 _c1967
300 _ap.
_ccm.
942 _hB9, K71
_cTEXL
_2CC
999 _c96237
_d96237